Science Quiz

Random Science or Clickable Quiz
Score 0/27 Timer 20:00
0 Plays Today
% Correct
isoniazid, rfampin, ethambutol, pyrazinamide
81.6%
nitrofurantoin
80.5%
B-lactamase inhibitors (clavulanic acid, sulbactam)
77.8%
vancomycin
77.3%
sulfonamides
76.2%
3G cephalosporin (ceftriaxone, cefotaxime)
76.2%
tetracyclines
75.7%
1G cephalosporins (cephalaxin)
73.5%
metronidazole
73.5%
amphotericin B
73.5%
2G cephalosporin (cefuroxime)
72.4%
aminoglycosides
70.8%
azoles (ketoconazole,fluconazole, itraconazole)
70.8%
imipenem
69.7%
% Correct
nalidixic acid
68.1%
penicillinase-resistant PCN (methicillin, oxacillin, dicloxacillin
67.6%
TMP
67%
fluroquinolones
63.8%
extended spectrum pcn (ticarcillin, pipericillin, mezlocillin
63.8%
5-fluorocysteine
61.6%
imipenemampicillin, amoxicillin
61.1%
clindamycin
60.5%
PenG (parenteral), PenV (oral)
60%
chloramphenicol
60%
macrolides (azithromycin, clarithromycin, erythromycin)
59.5%
oxazolidinones (linezolid)
58.4%
streptogramins (dalfopristin
55.7%
Remove Ads.
Support Sporcle.
Get the best of Sporcle when you Go Orange. This ad-free experience offers more features, more stats, and more fun while also helping to support Sporcle. Thank you for becoming a member.

You're not logged in!

Compare scores with friends on all Sporcle quizzes.
OR
Log In

Show Comments

Extras

Created Oct 10, 2013ReportNominate
Tags:Clickable Quiz

Top Quizzes Today


Score Distribution

Your Account Isn't Verified!

In order to create a playlist on Sporcle, you need to verify the email address you used during registration. Go to your Sporcle Settings to finish the process.

Report this User

Report this user for behavior that violates our Community Guidelines.

Details: